| 000 | 01387nam a2200313 c 4500 | ||
|---|---|---|---|
| 003 | BLK | ||
| 005 | 20180420235546.0 | ||
| 008 | 180411b bul|||||r ||||||| ||bul|| | ||
| 010 | _aKNG00183033000 | ||
| 040 | _aBLK | ||
| 041 |
_aBUL _cBUL |
||
| 080 |
_aБългарска литература _b821.163.2 _x-32 _z821.163.2-32 |
||
| 080 |
_aЖелезопътни линии. Железопътно строителство. Вж и 624.19; 624.2/.8; 629.4; 656.2 _b625.1 _x(091) _z625.1(091) |
||
| 100 | 1 |
_aХронев, Димитър _eпърви автор _9138563 |
|
| 700 | 1 |
_aПенчев, Димитър Харалампиев _e* _9339795 |
|
| 139 |
_aХронев, Димитър _bХ 89 |
||
| 245 | 1 | 0 |
_aБарон Хирш _bЛегенда за строителя на балканските железници : Повест _cДимитър Хронев; * Димитър Харалампиев Пенчев. |
| 250 | _a2. изд. | ||
| 257 | _aBGR | ||
| 260 |
_аСофия _bБълг. писател _c1968 |
||
| 300 |
_a228 с. _c20 см |
||
| 380 | _aX | ||
| 500 | _aДимитър Хронев - псевд. на Димитър Харалампиев Пенчев. - 1. изд. 1959. - 10 100 тир. | ||
| 852 | _aЦб І 9902 | ||
| 856 | 4 |
_qpdf _u |
|
| 856 | 4 |
_qpdf _u |
|
| 942 |
_cKNG _n0 |
||
| 944 |
_aCR _c01.10.2015 _kКети_Илиева |
||
| 944 |
_aED _c26.09.2017 _kВася_Ганчева |
||
| 999 |
_c174544 _d174544 |
||